| 000 | 00817nam a22002297a 4500 | ||
|---|---|---|---|
| 005 | 20100802102930.0 | ||
| 010 | _aENG-97560 | ||
| 020 |
_a9789380236001 _c80.00 |
||
| 035 | _aEN-81093 | ||
| 037 | _bDBAD/PUB | ||
| 082 | _a541.33 | ||
| 100 |
_aSudhakumari, G. _93731 |
||
| 245 |
_aColloid chemistry / _cby G. Sudhakumari |
||
| 260 |
_aThanjavur _bPrintmagic _c2009 |
||
| 270 |
_a#2, First Floor, Guru Complex, Rajappa Nagar, Medical College Road _bThanjavur _e613007 |
||
| 300 |
_a111p. _c21cm (pbk) |
||
| 500 | _aIncludes bibliographical references | ||
| 650 |
_aColloids _93732 |
||
| 650 |
_aSurface Chemistry _93733 |
||
| 942 |
_2ddc _cEN _h541.33 _mSUD |
||
| 999 |
_c38506 _d38506 |
||